1040 1463 1764 1883 1849 1506 1249 1576 1045 1877 1325 1878 1601 1983 1356 1470 1557 1590 1658 1688 1401 1112 1319 1162 1485 1477 1142 1318 1076 1020 1358 1829 1423 1235 1891 1588 1116 1942 1388 1801 1142 1684 1632 1027 1301 1140 1539 1574 1387 1043 1733 1569 1331 1285 1614 1593 1363 1040 1277 1703 1117 1238 1813 1618 1622 1476 1292 1203 1556 1343 1575 1926 1212 1933 1034 1068 1479 1808 1117 1491 1086 1093 1012 1002 1786 1737 1281 1298 1629 1983 1867 1815 1357 1638 1047 1214 1095 1512 1604 BCNSPRNW ULIB Ver.6.0+V

เปลี่ยนเป็นภาษาไทย

Change to English
 แสดงรายละเอียดบรรณานุกรม
  กลับหน้าหลัก

Brief Record : Get Marc (ISO 2709) : E-mail record : QR code < ปิดหน้าต่าง
LEADER : 00000nam 2200000uu 4500
001    13399111943
003     ULIB
008    110712s2546||||th 000 0 tha d
020    9748212793
050  4 DS589.P4^bพ865พ 2546
100 0  สุวพร ทองธิว
245 10 เพชรบุรี/^cสุวพร ทองธิว
260    กรุงเทพฯ :^bสารคดี,^c[2546]
300    140 หน้า :^bภาพประกอบ, แผนที่ :^c21 ซม.
490 0  "นายรอบรู้" นักเดินทาง
651  7 ไทย (ภาคกลาง)^xความเป็นอยู่และประเพณี
651  7 ไทย (ภาคกลาง)^xภูมิประเทศและการท่องเที่ยว
651  7 เพชรบุรี^xความเป็นอยู่และประเพณี
651  7 เพชรบุรี^xภูมิประเทศและการท่องเที่ยว
651  7 เพชรบุรี^xโบราณสถาน
945    ^p95^l0^i015896
995    ทศพร
999 ^a ใช้งานได้ทุกระบบ
รายการนี้ยังไม่มีแท็ก
คุณยังไม่ได้ล็อกอิน คุณสามารถมีกิจกรรมร่วมกับเว็บไซต์ได้ แต่ต้องล็อกอินก่อน ::
  ล็อกอิน

รายการสื่อสารสนเทศ

ลำดับที่ ประเภท เลขเรียก/บาร์โค้ด สถานที่ สถานะ
- ไม่พบข้อมูล -

รายการใกล้เคียง
    ผู้แต่ง [สุวพร ทองธิว]

BibComment


ยังไม่เคยถูกคอมเมนท์

คอมเมนท์ทรัพยากรรายการนี้
  คอมเมนท์: เพชรบุรี สุวพร ทอ..


 Copyright 2026. Bcnsprnw @Library